[Event "BRA-ch sf Reg2 86th"]
[Site "Recife"]
[Date "2019.12.20"]
[Round "2"]
[White "Da Silva, Arthur Moura Viera"]
[Black "Magalhaes, Luis Carlos Cordeir"]
[Result "1-0"]
[WhiteElo "2006"]
[BlackElo "1459"]
[PlyCount "53"]
[EventDate "2019.12.19"]
[EventType "swiss"]
[EventRounds "7"]
[EventCountry "BRA"]
[SourceTitle "CBM 194 Extra"]
[Source "ChessBase"]
[SourceDate "2020.03.31"]
[SourceVersion "1"]
[SourceVersionDate "2020.03.31"]
[SourceQuality "1"]

1. d4 Nf6 2. c4 g6 3. g3 Bg7 4. Bg2 d5 5. cxd5 Nxd5 6. Nf3 0-0 7. 0-0 Nc6 8. Nc3 Nxc3 9. bxc3 Rb8 10. e4 b5 11. Rb1 b4 12. Be3 Ba6 13. Re1 bxc3 14. Rc1 Nb4 15. Rxc3 Nxa2 16. Ra3 Nb4 17. Bd2 Bc4 18. Qc1 Bd3 19. Bxb4 Rxb4 20. Rxd3 Qd7 21. Rc3 Rc8 22. e5 c6 23. Rc4 a5 24. e6 fxe6 25. Bh3 Kh8 26. Bxe6 Rxc4 27. Qxc4 1-0

[Event "Recife Rafael Cabral Cup 6th"]
[Site "Recife"]
[Date "2018.09.30"]
[Round "6"]
[White "Magalhaes, Luis Carlos Cordeir"]
[Black "Born, Ary"]
[Result "1/2-1/2"]
[WhiteElo "1384"]
[BlackElo "1337"]
[PlyCount "57"]
[EventDate "2018.09.28"]
[EventType "swiss"]
[EventRounds "6"]
[EventCountry "BRA"]
[SourceTitle "EXT 2020"]
[Source "ChessBase"]
[SourceDate "2019.10.17"]
[SourceVersion "1"]
[SourceVersionDate "2019.10.17"]
[SourceQuality "1"]

1. e4 e6 2. d4 d5 3. e5 c5 4. c3 Nc6 5. Nf3 cxd4 6. cxd4 f6 7. Bb5 Bb4+ 8. Nc3 Nge7 9. 0-0 a6 10. Bxc6+ bxc6 11. exf6 gxf6 12. Bf4 Bd6 13. Bg3 Qc7 14. Nh4 h5 15. Qd3 f5 16. Bxd6 Qxd6 17. Rae1 Qf4 18. Nf3 h4 19. g3 hxg3 20. fxg3 Qh6 21. Re2 Ra7 22. Na4 Ng6 23. Qe3 f4 24. gxf4 Qxf4 25. Qxf4 Nxf4 26. Rc2 Rg7+ 27. Kf2 Nd3+ 28. Ke3 Nb4 29. Rcf2 1/2-1/2

[Event "Recife Rafael Cabral Cup 6th"]
[Site "Recife"]
[Date "2018.09.29"]
[Round "3"]
[White "Picasso Gallego, Nicolas"]
[Black "Magalhaes, Luis Carlos Cordeir"]
[Result "1-0"]
[WhiteElo "1782"]
[BlackElo "1384"]
[PlyCount "97"]
[EventDate "2018.09.28"]
[EventType "swiss"]
[EventRounds "6"]
[EventCountry "BRA"]
[SourceTitle "EXT 2020"]
[Source "ChessBase"]
[SourceDate "2019.10.17"]
[SourceVersion "1"]
[SourceVersionDate "2019.10.17"]
[SourceQuality "1"]

1. d4 Nf6 2. c4 e6 3. Nc3 Bb4 4. Bg5 h6 5. Bxf6 Qxf6 6. e3 b6 7. Nf3 Bb7 8. Be2 Bxc3+ 9. bxc3 c5 10. 0-0 Nc6 11. Nd2 Ne7 12. Bf3 d5 13. Rb1 cxd4 14. cxd4 0-0 15. Qb3 dxc4 16. Qxc4 Bxf3 17. Nxf3 Ng6 18. Rfc1 Nh4 19. Nxh4 Qxh4 20. Qa6 Qe4 21. Rb3 e5 22. dxe5 Qxe5 23. Rbc3 Kh7 24. g3 Rfd8 25. Qb7 Qe6 26. Rc7 Rf8 27. R1c4 Rae8 28. a4 Kh8 29. Rf4 Kg8 30. h4 Rd8 31. Re7 Rd1+ 32. Kg2 Qa2 33. Qf3 Qb1 34. Rxa7 Rg1+ 35. Kh2 f6 36. Rb7 g5 37. hxg5 hxg5 38. Rd4 Rf1 39. Rdd7 Qg6 40. Kg2 Rc1 41. Qd5+ Kh8 42. Rd8 Rc8 43. Rxf8+ Rxf8 44. Rxb6 Rf7 45. Rb8+ Kg7 46. Rb7 Rxb7 47. Qxb7+ Kh6 48. a5 g4 49. a6 1-0